Ageing with absent family financial support: Gendered health risks across the North South gradient (Record no. 533177)
[ view plain ]
| 000 -LEADER | |
|---|---|
| fixed length control field | 01153nam a22001337a 4500 |
| 008 - FIXED-LENGTH DATA ELEMENTS--GENERAL INFORMATION | |
| fixed length control field | 260428b ||||| |||| 00| 0 eng d |
| 100 ## - MAIN ENTRY--PERSONAL NAME | |
| Personal name | Hossain, Babul |
| 245 ## - TITLE STATEMENT | |
| Title | Ageing with absent family financial support: Gendered health risks across the North South gradient |
| 260 ## - PUBLICATION, DISTRIBUTION, ETC. (IMPRINT) | |
| Place of publication, distribution, etc | Economic & Political Weekly |
| 300 ## - PHYSICAL DESCRIPTION | |
| Extent | 61(9), Feb 28, 2026: p.79-84 |
| 520 ## - SUMMARY, ETC. | |
| Summary, etc | Family-based financial support has traditionally been central to old-age care in India. Given the gendered and spatial experiences of ageing, it is important to identify groups of older adults who are more vulnerable to adverse health outcomes when such financial support is absent. Utilising the Longitudinal Ageing Study in India, this paper finds that widowed, poor, and SC/ST or OBC women represented the most common intersectional positionality among older adults who faced a particularly high risk of adverse health outcomes when faced with a lack of informal financial support. –Reproduced https://www.epw.in/journal/2026/9/ageing-health-and-social-security/ageing-absent-family-financial-support.html |
| 773 ## - HOST ITEM ENTRY | |
| Main entry heading | Economic & Political Weekly |
| 942 ## - ADDED ENTRY ELEMENTS (KOHA) | |
| Item type | Articles |
| Withdrawn status | Lost status | Source of classification or shelving scheme | Damaged status | Not for loan | Permanent location | Current location | Date acquired | Serial Enumeration / chronology | Barcode | Date last seen | Koha item type |
|---|---|---|---|---|---|---|---|---|---|---|---|
| Indian Institute of Public Administration | Indian Institute of Public Administration | 2026-04-28 | 61(9), Feb 28, 2026: p.79-84 | AR138689 | 2026-04-28 | Articles |
